000 00615nam a2200229Ia 4500
003 OSt
005 20220924122545.0
006 a|||||r|||| 00| 0
007 ta
008 220923b |||||||| |||| 00| 0 urd d
024 _a314177
037 _cTextual
040 _aARTS
_cARTS
_burd
041 _2urd
_aurd
082 _aO168,1MSG,13, E1
100 _aGhulam Sarwari
_9189915
245 0 _aNaat-e-Sawari
260 _aLuckhnow
_bMunshi Naval Kishore India
_c1911
650 _aURDU POETRY
942 _hO168,1MSG,13, E1
_cTEXL
_2CC
999 _c412126
_d412126